Shipping and Logistics Management (Record no. 3216)

000 -LEADER
fixed length control field 03320nam a22003855i 4500
007 - PHYSICAL DESCRIPTION FIXED FIELD--GENERAL INFORMATION
fixed length control field cr nn 008mamaa
008 - FIXED-LENGTH DATA ELEMENTS--GENERAL INFORMATION
fixed length control field 100406s2010 xxk| s |||| 0|eng d
020 ## - INTERNATIONAL STANDARD BOOK NUMBER
International Standard Book Number 9781848829978
-- 978-1-84882-997-8
040 ## - CATALOGING SOURCE
Original cataloging agency IMU Kochi Library
Language of cataloging eng
041 0# - LANGUAGE CODE
Language code of text/sound track or separate title eng
082 04 - DEWEY DECIMAL CLASSIFICATION NUMBER
Classification number 658.5
Edition number 23
100 1# - MAIN ENTRY--PERSONAL NAME
Personal name Lun, Yuen Ha (Venus).
245 10 - TITLE STATEMENT
Title Shipping and Logistics Management
Medium [electronic resource] /
250 ## - EDITION STATEMENT
Edition statement 1st ed. 2010.
300 ## - PHYSICAL DESCRIPTION
Extent XV, 238 p.
Other physical details online resource.
505 0# - FORMATTED CONTENTS NOTE
Formatted contents note International Trade and Shipping -- Freight Rate Mechanism -- Bulk Shipping Market -- Container Shipping Market -- Business Strategy in Shipping -- Growth of Firms -- Fleet Mix Decision -- Liner Shipping Network -- Container Transport Chain -- Intermodal Transport System -- Managing Empty Containers -- Container Transport Security -- Port Operations -- Managing Container Terminals -- Agile Port -- Port Development.
520 ## - SUMMARY, ETC.
Summary, etc The term 'shipping' has evolved from its original relationship to ships and seaborne trade, to encompass any mode of transport that moves goods between two points. The implication of the extended meaning of 'shipping' is that the shipping industry has become more complex, as well as more dynamic. Traditionally, the theory and knowledge of shipping management and operations are transferred in the workplace, from practitioners to newcomers; little has been systemically organized and published in books. Shipping and Logistics Management serves to consolidate the knowledge its authors have acquired from being educators and observers of the shipping industry. Against the background of a global business environment, it explains how the shipping market functions, examining the strategic and operational issues that affect entrepreneurs in this industry. The authors discuss global trends and strategies in the shipping business, looking at the role of logistics service providers and at how the use of information technology can help shipping operations. Shipping and Logistics Management also aims to answer several important questions in the shipping industry, including: • What are the shipping markets? • How are freight rates determined? • What are the shipping cost structures? • What are the patterns of sea transport? and • How do companies in the shipping industry operate? An invaluable source of information for researchers and advanced, or graduate, students, Shipping and Logistics Management is also a useful reference for shipping practitioners and consultants.
650 #0 - SUBJECT ADDED ENTRY--TOPICAL TERM
Topical term or geographic name as entry element Industrial Management.
650 #0 - SUBJECT ADDED ENTRY--TOPICAL TERM
Topical term or geographic name as entry element Production management.
650 14 - SUBJECT ADDED ENTRY--TOPICAL TERM
Topical term or geographic name as entry element Industrial Management.
650 24 - SUBJECT ADDED ENTRY--TOPICAL TERM
Topical term or geographic name as entry element Operations Management.
700 1# - ADDED ENTRY--PERSONAL NAME
Personal name Lai, Kee Hung.
Relator term
Relator code aut
-- http://id.loc.gov/vocabulary/relators/aut
700 1# - ADDED ENTRY--PERSONAL NAME
Personal name Cheng, Tai Chiu Edwin.
Relator term
Relator code aut
-- http://id.loc.gov/vocabulary/relators/aut
852 ## - LOCATION/CALL NUMBER
Location IMU Kochi Library
856 40 - ELECTRONIC LOCATION AND ACCESS
Uniform Resource Identifier <a href="https://doi.org/10.1007/978-1-84882-997-8">https://doi.org/10.1007/978-1-84882-997-8</a>
904 ## - LOCAL DATA ELEMENT D, LDD (RLIN)
CATALOGER Rudra Ranjan
905 ## - LOCAL DATA ELEMENT E, LDE (RLIN)
VERIFIER Rudra Ranjan
942 ## - ADDED ENTRY ELEMENTS (KOHA)
Item type E-Book
264 #1 -
-- London :
-- Springer London :
-- Imprint: Springer,
-- 2010.
338 ## -
-- online resource

No items available.



Copyright © All Rights Reserved by Indian Maritime University, Kochi Campus.
For any Suggestions/Query Contact to library or Email: library.kochi@imu.ac.in Ph:(0484)-2989402
(Web OPAC Designed by Rudra Ranjan. Maintained by IMU Kochi Library)

Powered by Koha